| 000 | 01836cam a2200385 i 4500 | ||
|---|---|---|---|
| 001 | 18148693 | ||
| 005 | 20230211103057.0 | ||
| 008 | 140512s2014 caua b 001 0 eng | ||
| 010 | _a 2014013761 | ||
| 020 | _a9781610694735 (paperback : acidfree paper) | ||
| 040 |
_aDLC _beng _cDLC _erda _dDLC |
||
| 042 | _apcc | ||
| 050 | 0 | 0 |
_aZ674.75.I58 _bM55 2014 |
| 082 | 0 | 0 |
_a020.2854678 _223 |
| 084 |
_aLAN025000 _aLAN020000 _2bisacsh |
||
| 100 | 1 |
_aMiller, Joseph B., _d1952- _95510 |
|
| 245 | 1 | 0 |
_aInternet technologies and information services / _cJoseph B. Miller. |
| 250 | _aSecond edition. | ||
| 260 |
_aSanta Barbara, California : _bLibraries Unlimited, an Imprint of ABC-CLIO, LLC, _c[2014] |
||
| 264 | 1 |
_aSanta Barbara, California : _bLibraries Unlimited, an Imprint of ABC-CLIO, LLC, _c[2014] |
|
| 300 |
_axxii, 496 pages : _billustrations ; _c26 cm. |
||
| 336 |
_atext _2rdacontent |
||
| 337 |
_aunmediated _2rdamedia |
||
| 338 |
_avolume _2rdacarrier |
||
| 490 | 0 | _aLibrary and information science text series | |
| 504 | _aIncludes bibliographical references (pages 455-478) and index. | ||
| 520 |
_a"The Internet has enabled the convergence of all things information-related. This book provides essential, foundational knowledge of the application of Internet and web technologies in the information and library professions"-- _cProvided by publisher. |
||
| 650 | 0 |
_aLibraries and the Internet. _95511 |
|
| 650 | 0 |
_aLibraries _xInformation technology. _95512 |
|
| 650 | 7 |
_aLANGUAGE ARTS & DISCIPLINES / Library & Information Science / General. _2bisacsh _95513 |
|
| 650 | 7 |
_aLANGUAGE ARTS & DISCIPLINES / Study & Teaching. _2bisacsh _95514 |
|
| 906 |
_a7 _bcbc _corignew _d1 _eecip _f20 _gy-gencatlg |
||
| 942 |
_2ddc _cBK |
||
| 999 |
_c9132 _d9132 |
||